000 01161cam a2200241 4500
001 ##L135392
008 061023n2006 000 0 eng u
035 _a(Sirsi) u135392
041 0 _aeng
050 0 4 _a333.335 $2 18
110 2 _aSavills Rural Research
_95066
245 0 0 _aSavills rural estate benchmarking survey 2006
260 _aLondon
_bSavills
_c2006
490 0 _aSavills Rural Research Bulletin
_v(08-06) September 2006
520 _aSummarises the results of the 2006 Savills rural estates benchmarking survey, now in its 11th year. Records data from 175 participating estates with a combined acreage of around 850 000 acres. The 2006 survey shows that the average estate includes about 4 500 acres (1 800 ha) and around 50 residential properties. Covers English and Scottish estates.
590 _aIKA311006
650 _aSAVILLS RURAL ESTATE BENCHMARKING SURVEY
651 4 _aEngland
_y886-
651 4 _aScotland
_y1999-
690 _aPROPERTY-RURAL AND NATURAL ASSETS-RURAL AND NATURAL ASSET MARKET
856 4 0 _uhttps://www.savills.com
_zView the survey free of charge after free registration at www.savills.com...
942 _n0
999 _c106038
_d106038